Álbumes de Julio Iglesias por portada - Estadísticas

Estadísticas generales
  • Esta prueba ha sido intentada 13 veces
  • La puntuación promedio es 6 de 16
Estadísticas de respuestas
Imagen Respuesta % Correcto
Momentos
63%
A mis 33 Años
50%
De Niña a Mujer
50%
Emociones
50%
1100 Bel Air Place
38%
A Flor de Piel
38%
Divorcio
38%
EL Amor
38%
La Carretera
38%
Raíces
38%
Un Hombre Solo
38%
Gwendolyne
25%
Hey!
25%
Tango
25%
Yo Canto
25%
Begin the Beguine
13%
No se encontraron pruebas coincidentes
Distribución de puntuación
Porcentaje de gente con cada puntuación
Porcentaje por número respondido
Historial de tus puntuaciones
No has intentado esta prueba.